Hit the Wall - Gracie Abrams - Statistics

General Stats
  • This quiz has been taken 11 times
    7 since last reset
  • The average score is 238 of 296
Answer Stats
% Correct
a
100%
A
100%
"A
100%
afraid
100%
an
100%
anyway
100%
box
100%
but
100%
But
100%
crack
100%
do
100%
for
100%
forgot
100%
fortress
100%
glass
100%
hit
100%
Hit
100%
I
100%
(I)
100%
(I
100%
I)
100%
I'm
100%
in
100%
is
100%
know
100%
my
100%
pavement,
100%
play,
100%
playin',
100%
should
100%
slipknot
100%
stay
100%
that
100%
the
100%
wall
100%
wall,
100%
what
100%
What
100%
when
100%
wish
100%
would
100%
you
100%
You"
100%
And
80%
and
80%
badly,
80%
barely
80%
be
80%
cave
80%
close
80%
day,
80%
deserve
80%
Felt
80%
good
80%
if
80%
it
80%
it?
80%
just
80%
just,
80%
lose
80%
me
80%
of
80%
Of
80%
off
80%
so
80%
stable,
80%
stopped
80%
to
80%
wanna
80%
want
80%
you'll
80%
You'll
80%
ain't
60%
at
60%
bend
60%
breakdowns
60%
can
60%
Case
60%
cost,
60%
crowd
60%
doctors
60%
downgrade
60%
downplay
60%
every
60%
find
60%
Flashbacks
60%
full
60%
Funny,
60%
get
60%
guess
60%
Hallucinations
60%
hallway
60%
impossible
60%
inkblot
60%
it's
60%
later,
60%
life
60%
Like
60%
live
60%
long
60%
married,
60%
not
60%
Now
60%
or
60%
out
60%
pattern
60%
playing
60%
problem
60%
room
60%
solve
60%
Sooner
60%
thought
60%
too
60%
watch
60%
Watch
60%
we'd
60%
Weighing
60%
with
60%
able,
40%
aching
40%
blade
40%
blind
40%
bloodshot
40%
caught
40%
clearly,
40%
drawn
40%
Face
40%
face
40%
girl
40%
have
40%
headlights,
40%
into
40%
loud
40%
mm
40%
night
40%
numb
40%
oh,
40%
oh
40%
once
40%
over
40%
pain
40%
Pull
40%
ricochet
40%
saw
40%
shame
40%
sharp
40%
silence,
40%
spot
40%
then
40%
'til
40%
tried
40%
try
40%
use
40%
violent,
40%
wait
40%
waste
40%
thе
0%
Wеighing
0%
No matching quizzes found
Score Distribution
Percent of People with Each Score
Percentile by Number Answered
Your Score History
You have not taken this quiz since the last reset